An intermediate dictionary of antonyms = kamus cerdik antonim : dwibahasa Inggeris - Melayu

Bibliographic Details
Main Author: Nandy, Milon
Format: Book
Published: Kuala Lumpur : Buku MUST , 2004
Subjects:

MARC

LEADER 00000cam a2200000 7i4500
001 0000018575
005 20080609.0
008 080606
020 |a 9838474401 
090 0 0 |a 499.2331   |b NAN 
100 1 |a Nandy, Milon 
245 1 0 |a An intermediate dictionary of antonyms = kamus cerdik antonim :   |b dwibahasa Inggeris - Melayu   |c Milon Nandy 
260 |a Kuala Lumpur :   |b Buku MUST ,   |c 2004 
650 0 |a Malay languange   |x synonyms and antonyms   |z dictionaries 
999 |a 0001012754   |b Book   |c REFERENCE   |e Perbadanan Perpustakaan Awam Johor 
999 |a 0001012755   |b Book   |c REFERENCE   |e Perbadanan Perpustakaan Awam Johor